| 000 | 00554pab a2200205 454500 | ||
|---|---|---|---|
| 008 | 180718b2006 xxu||||| |||| 00| 0 eng d | ||
| 100 | _aRoy, Tapan Kumar | ||
| 245 | _aImpact of rural-urban migration on female migrant fertility in Bangladesh | ||
| 260 | _c2006 | ||
| 300 | _ap.241-54. | ||
| 362 | _aJul-Dec | ||
| 650 | _aMigrants - Bangladesh | ||
| 650 | _aMigration - Bangladesh | ||
| 650 | _aFertility - Bangladesh | ||
| 650 | _aFertility | ||
| 700 | _aAzad, Kazi Md. Abul Kalam | ||
| 773 | _aMan in India | ||
| 908 | _aN | ||
| 909 | _a75789 | ||
| 999 |
_c75789 _d75789 |
||